banner koha

Non-polar extracts of Nicotiana glauca (Solanaceae) induce apoptosis in human rhabdomyosarcoma cells (Registro n. 337696)

MARC details
000 -LÍDER
fixed length control field 04365nab a2200289 i 4500
003 - CÓDIGO MARC DA AGÊNCIA CATALOGADORA
Campo de controle BR-BrBNA
005 - DATA E HORA DA ÚLTIMA ATUALIZAÇÃO
Campo de controle 20250820113158.0
008 - CAMPO DE TAMANHO FIXO
fixed length control field 250820b2020 bl.ar|pooa||| 00| 0 eng |
040 ## - FONTE DA CATALOGAÇÃO
Agência catalogadora BR-BrBNA
Idioma da catalogação eng
072 ## - CATEGORIA AGRIS
Código AGRIS F60
100 ## - ENTRADA PRINCIPAL - NOME PESSOAL
Nome pessoal Musso, Florencia
100 ## - ENTRADA PRINCIPAL - NOME PESSOAL
Nome pessoal Pronsato, Lucía
100 ## - ENTRADA PRINCIPAL - NOME PESSOAL
Nome pessoal Milanesi, Lorena
100 ## - ENTRADA PRINCIPAL - NOME PESSOAL
Nome pessoal Vasconsuelo, Andrea
100 ## - ENTRADA PRINCIPAL - NOME PESSOAL
Nome pessoal Faraoni, María Belén
245 ## - TÍTULO PRINCIPAL
Título principal Non-polar extracts of Nicotiana glauca (Solanaceae) induce apoptosis in human rhabdomyosarcoma cells
500 ## - NOTA GERAL
Nota geral Publicação on-line; 33 ref.; 5 illus.; Summaries (En, Pt)
942 ## - ADDED ENTRY ELEMENTS (KOHA)
Koha item type Analítica
520 ## - NOTA DE RESUMO
Nota de conteúdo <br/><br/>Abstract<br/><br/>Rhabdomyosarcoma (RMS) is the most common soft-tissue tumour in children and adolescents. It originates<br/>in normal skeletal muscle from myogenic cells that have failed to fully differentiate, and it usually has a<br/>poor prognosis. Current RMS therapy has many adverse effects. Hence, new treatments are needed. Various<br/>pharmacological properties, such as analgesic, antineoplastic, antimicrobial, and antiparasitic properties,<br/>have been demonstrated in species of the Solanaceae family. We performed ethanolic extraction from leaves<br/>of Nicotiana glauca (Solanaceae), and the extract was successively partitioned with n-hexane, chloroform,<br/>and ethyl acetate. We evaluated the effects of extracts on RMS cells, and we found that the extracts trigger<br/>apoptosis. By bio-guided fractionation assays, we identified the apoptotic agents. Morphological assessment<br/>after apoptotic cell induction of cultured cells, mitochondrial and nuclear morphology by Mitotracker, and<br/>4,6-diamidino-2-phenylindole (DAPI) staining, respectively, were analysed in fluorescent microscopy.<br/>The capacity of the cells to migrate or proliferate was analysed by the Petit assay, followed by methylene<br/>blue staining. NMR and GC-MS spectrometry were used to identify palmitic acid and scopoletin as the<br/>phytochemicals responsible for the observed effects. These results indicate that these compounds are apoptotic<br/>inducers and they could be useful as chemotherapeutic agents against muscle tumours.<br/><br/>Key words: apoptosis, Nicotiana glauca, palmitic acid, Rhabdomyosarcoma, Scopoletin.<br/><br/><br/><br/><br/>Resumo<br/><br/>Rabdomiossarcoma (RMS) é o tumor de tecidos moles mais comum em crianças e adolescentes. Ele se<br/>origina no músculo esquelético normal a partir das células miogênicas que não conseguiram-se diferenciar<br/>completamente e pelo geral tem um prognóstico ruim. A terapia atual com RMS tem muitos efeitos adversos<br/>e portanto, novos tratamentos são necessários. Várias propriedades farmacológicas, como propriedades<br/>analgésica, antineoplásica, antimicrobiana e antiparasitária, foram demonstradas em espécies da família<br/>Solanaceae. Neste trabalho, foi realizada a extração etanólica das folhas de Nicotiana glauca (Solanaceae),<br/>e o extrato foi particionado sucessivamente com n-hexano, clorofórmio e acetato de etila. Avaliamos os<br/>efeitos dos extratos nas células RMS e descobrimos que os extratos desencadeiam apoptose. Pelos ensaios<br/>de fracionamento bio-guiado, identificamos os agentes apoptóticos. A avaliação morfológica após indução<br/>da apoptose das células cultivadas e a morfologia mitocondrial e nuclear por coloração com Mitotracker e<br/>4,6-diamidino-2-fenilindol (DAPI), respectivamente, foram analisadas com microscopia fluorescente. A<br/>capacidade das células para migrar ou proliferar foi analisada pelo ensaio Petit, seguido pelacoloração com<br/>azul de metileno. A espectrometria de RMN e GC-MS foi utilizada para a identificação o ácido palmítico<br/>e a escopoletina como os fitoquímicos responsáveis pelos efeitos observados. Estes resultados indicam que<br/>estes compostos são indutores apoptóticos e poderiam ser úteis como agentes quimioterapêuticos contra<br/>tumores musculares.<br/><br/>Palavras-chave: apoptose, Nicotiana glauca, ácido palmítico, Rabdomiossarcoma, Escopoletina.
650 ## - ASSUNTO - THESAGRO
Cabeçalho tópico ou nome geográfico APOPTOSE
650 ## - ASSUNTO - THESAGRO
Cabeçalho tópico ou nome geográfico EXTRATO VEGETAL
650 ## - ASSUNTO - THESAGRO
Cabeçalho tópico ou nome geográfico CÂNCER
650 ## - ASSUNTO - THESAGRO
Cabeçalho tópico ou nome geográfico TUMOR
773 0# - ENTRADA ANALÍTICA
Host Biblionumber 709
Registro do item 353216
Imprenta Rio de Janeiro-RJ Jardim Botanico do Rio de Janeiro 1935
Outro identificador 2025-4473
Título Rodriguésia (Brazil)
ISSN 0370-6583; 2175-7860 on-line
Colação v. 71 p. 1-10; (2020)
Número de controle de registro BR2025001712
856 ## - ACESSO E ENDEREÇO ELETRÔNICO
Identificador uniforme de recurso - URI https://www.scielo.br/j/rod/a/vS4yCcFB9w3bSnCVRTQjtsN/?format=pdf&lang=en

Nenhum exemplar disponível.

BINAGRI

Telefone: (61)3218-2567/2388/3357/2097 - binagri@agro.gov.br

Ministério da Agricultura e Pecuária , Esplanada dos Ministérios, Bloco D, Anexo B, Brasília/DF, CEP: 70.043-900